|
|
|
|
| LEADER |
00927nam a2200253 a 4500 |
| 001 |
c000013623 |
| 003 |
CARM |
| 005 |
19890921000000.0 |
| 008 |
890926s1954 cc 000 0 eng d |
| 019 |
1 |
|
|a 6208990
|z 24763354
|5 LACONCORD2021
|
| 035 |
|
|
|a (OCoLC)3486060
|5 LACONCORD2021
|
| 040 |
|
|
|a NUN
|b eng
|c NUN
|
| 100 |
1 |
|
|a Chou, Yang,
|d 1908-
|
| 245 |
1 |
0 |
|a China's new literature and art :
|b essays and addresses /
|c Chou Yang.
|
| 250 |
|
|
|a 1st ed.
|
| 260 |
|
|
|a Peking :
|b Foreign Languages Press,
|c 1954.
|
| 300 |
|
|
|a 156 p., [1] leaf of plate :
|b ill., 1 port.
|
| 650 |
|
0 |
|a Communism and art
|z China.
|
| 650 |
|
0 |
|a Communism and literature
|z China.
|
| 852 |
8 |
|
|b CARM
|h A2:AB26A0
|i B02168
|p 0089014
|f BK
|
| 082 |
0 |
|
|a 700.1
|
| 082 |
0 |
|
|a 709.51
|
| 999 |
f |
f |
|i 88b3db1a-bffa-52f2-ace9-00963dd08563
|s b62818a9-cc94-5f1a-8896-b9d35a094593
|
| 952 |
f |
f |
|p Can circulate
|a CAVAL
|b CAVAL
|c CAVAL
|d CARM 1 Store
|e B02168
|f A2:AB26A0
|h Other scheme
|i book
|m 0089014
|